000
00292nam a22001337a 4500
020
_a
0-7214-1637-3
082
_a
823
_b
STI/T
100
_a
STIMSON, JOAN
245
_a
ANIMAL STORIES
_b
UNDER 5
260
_a
LONDON
_b
LADY BIRD
300
_a
43
650
_a
ENGLISH SHORT STORY
_z
UK
942
_c
BK
999
_c
2524
_d
2524